000
00253nam a2200121Ia 4500
008
190216s9999||||xx |||||||||||||| ||und||
100
_a
Jabri
245
0
_a
Chalathadi
260
_b
Kairali Mudralayam
300
_a
152
650
_a
Novel
942
_c
BK
999
_c
27735
_d
27735